Comprehensive analysis of microRNA profiles in multiple sclerosis including next-generation sequencing

Saved in:
Bibliographic Details
Other Authors: Keller, Andreas (Other) , Diem, Ricarda (Other) , Meder, Benjamin (Other)
Format: Article (Journal)
Language:English
Published: 2014
In: Multiple sclerosis journal
Year: 2014, Volume: 20, Issue: 3, Pages: 295-303
ISSN:1477-0970
DOI:10.1177/1352458513496343
Online Access:Verlag, Volltext: http://dx.doi.org/10.1177/1352458513496343
Get full text
Author Notes:Andreas Keller; Petra Leidinger; Florian Steinmeyer; Cord Stähler; Andre Franke; Georg Hemmrich-Stanisak; Andreas Kappel; Ian Wright; Jan Dörr; Friedemann Paul; Ricarda Diem; Beatrice Tocariu-Krick; Benjamin Meder; Christina Backes; Eckart Meese; Klemens Ruprecht

MARC

LEADER 00000caa a2200000 c 4500
001 1503521621
003 DE-627
005 20220812001442.0
007 cr uuu---uuuuu
008 150608s2014 xx |||||o 00| ||eng c
024 7 |a 10.1177/1352458513496343  |2 doi 
024 7 |a 175186735  |2 swets 
035 |a (DE-627)1503521621 
035 |a (DE-576)433521627 
035 |a (DE-599)BSZ433521627 
035 |a (OCoLC)1340692047 
040 |a DE-627  |b ger  |c DE-627  |e rakwb 
041 |a eng 
084 |a 33  |2 sdnb 
245 0 0 |a Comprehensive analysis of microRNA profiles in multiple sclerosis including next-generation sequencing  |c Andreas Keller; Petra Leidinger; Florian Steinmeyer; Cord Stähler; Andre Franke; Georg Hemmrich-Stanisak; Andreas Kappel; Ian Wright; Jan Dörr; Friedemann Paul; Ricarda Diem; Beatrice Tocariu-Krick; Benjamin Meder; Christina Backes; Eckart Meese; Klemens Ruprecht 
264 1 |c 2014 
300 |a 9 
336 |a Text  |b txt  |2 rdacontent 
337 |a Computermedien  |b c  |2 rdamedia 
338 |a Online-Ressource  |b cr  |2 rdacarrier 
500 |a Gesehen am 08.06.2015 
700 1 |a Keller, Andreas  |0 (DE-588)1063131588  |0 (DE-627)810615657  |0 (DE-576)420468226  |4 oth 
700 1 |a Diem, Ricarda  |d 1970-  |0 (DE-588)120119846  |0 (DE-627)080459099  |0 (DE-576)292050992  |4 oth 
700 1 |a Meder, Benjamin  |0 (DE-588)135821630  |0 (DE-627)571676316  |0 (DE-576)300664745  |4 oth 
773 0 8 |i In  |t Multiple sclerosis journal  |d London : Sage, 1995  |g 20(2014), 3, Seite 295-303  |h Online-Ressource  |w (DE-627)320468658  |w (DE-600)2008225-3  |w (DE-576)273878239  |x 1477-0970  |7 nnas  |a Comprehensive analysis of microRNA profiles in multiple sclerosis including next-generation sequencing 
773 1 8 |g volume:20  |g year:2014  |g number:3  |g pages:295-303  |g extent:9  |a Comprehensive analysis of microRNA profiles in multiple sclerosis including next-generation sequencing 
856 4 0 |u http://dx.doi.org/10.1177/1352458513496343  |x Verlag  |x Resolving-System  |3 Volltext 
951 |a AR 
992 |a 20150608 
993 |a Article 
994 |a 2014 
998 |g 135821630  |a Meder, Benjamin  |m 135821630:Meder, Benjamin  |d 910000  |d 910100  |e 910000PM135821630  |e 910100PM135821630  |k 0/910000/  |k 1/910000/910100/  |p 13 
998 |g 120119846  |a Diem, Ricarda  |m 120119846:Diem, Ricarda  |d 910000  |d 911100  |e 910000PD120119846  |e 911100PD120119846  |k 0/910000/  |k 1/910000/911100/  |p 11 
999 |a KXP-PPN1503521621  |e 2845952007 
BIB |a Y 
SER |a journal 
JSO |a {"person":[{"family":"Keller","given":"Andreas","display":"Keller, Andreas","role":"oth"},{"family":"Diem","display":"Diem, Ricarda","given":"Ricarda","role":"oth"},{"display":"Meder, Benjamin","given":"Benjamin","role":"oth","family":"Meder"}],"title":[{"title":"Comprehensive analysis of microRNA profiles in multiple sclerosis including next-generation sequencing","title_sort":"Comprehensive analysis of microRNA profiles in multiple sclerosis including next-generation sequencing"}],"name":{"displayForm":["Andreas Keller; Petra Leidinger; Florian Steinmeyer; Cord Stähler; Andre Franke; Georg Hemmrich-Stanisak; Andreas Kappel; Ian Wright; Jan Dörr; Friedemann Paul; Ricarda Diem; Beatrice Tocariu-Krick; Benjamin Meder; Christina Backes; Eckart Meese; Klemens Ruprecht"]},"recId":"1503521621","origin":[{"dateIssuedKey":"2014","dateIssuedDisp":"2014"}],"type":{"bibl":"article-journal","media":"Online-Ressource"},"note":["Gesehen am 08.06.2015"],"physDesc":[{"extent":"9 S."}],"id":{"eki":["1503521621"],"doi":["10.1177/1352458513496343"]},"language":["eng"],"relHost":[{"titleAlt":[{"title":"Multiple sclerosis"}],"title":[{"title":"Multiple sclerosis journal","title_sort":"Multiple sclerosis journal"}],"origin":[{"dateIssuedKey":"1995","publisher":"Sage ; Stockton ; Nature ; Arnold","dateIssuedDisp":"1995-","publisherPlace":"London ; Basingstoke, Hampshire ; Basingstoke, Hampshire ; London"}],"recId":"320468658","part":{"extent":"9","year":"2014","pages":"295-303","issue":"3","text":"20(2014), 3, Seite 295-303","volume":"20"},"type":{"bibl":"periodical","media":"Online-Ressource"},"language":["eng"],"id":{"zdb":["2008225-3"],"eki":["320468658"],"issn":["1477-0970"]},"note":["Gesehen am 19.01.11"],"physDesc":[{"extent":"Online-Ressource"}],"pubHistory":["1.1995 -"],"disp":"Comprehensive analysis of microRNA profiles in multiple sclerosis including next-generation sequencingMultiple sclerosis journal"}]} 
SRT |a COMPREHENS2014